Music Quiz

Random Music or Bands Quiz

Album Covers (with Finn and Jake) Quiz Stats

 Plays Quiz Updated Feb 12, 2020

Support Sporcle.
Go Orange.
Score 0/30 Timer 05:00
4 Plays Today
Album % Correct
The Dark Side of the Moon
96.4%
Nevermind
75.9%
London Calling
66.2%
Rumours
52.3%
Demon Days
50.9%
De Stijl
50.1%
The Velvet Underground & Nico
49.6%
The Chronic
46.9%
Vampire Weekend
46.4%
Led Zeppelin IV
46.3%
Mellon Collie and the Infinite Sadness
45.1%
Aladdin Sane
45%
You Could Have It So Much Better
33.8%
Prolonging the Magic
32.8%
The Who Sell Out
32.4%
Album % Correct
Amnesiac
32.3%
808s & Heartbreak
30.5%
Odelay
29.1%
One Hot Minute
25.2%
Illinois
23.3%
Neon Bible
22.6%
Rio
22.5%
Evil Empire
21.6%
Congratulations
18.9%
Surfer Rosa
16.8%
In the Aeroplane Over the Sea
16.3%
Dirty
12.4%
You're a Woman, I'm a Machine
11.3%
Zen Arcade
8.8%
Gimme Fiction
8.7%

From the Vault

States Without Income Tax

by hsox05

Geography 90s
The Sixteenth Amendment only sort of applies in these places.
Remove Ads.
Support Sporcle.
Get the best of Sporcle when you Go Orange. This ad-free experience offers more features, more stats, and more fun while also helping to support Sporcle. Thank you for becoming a member.

Show Comments

Extras

Top Quizzes Today


Score Distribution

Your Account Isn't Verified!

In order to create a playlist on Sporcle, you need to verify the email address you used during registration. Go to your Sporcle Settings to finish the process.

Report this User

Report this user for behavior that violates our Community Guidelines.

Details: